00473nam a2200181 a 4500001001300000003000900013005001700022008004100039020000900080082001900089100002100108245002700129260004100156300000900197500003500206505003400241650001600275nice12345678IN_TiNIC20260116013914.0050524s1990 newa grp 000 0 eng  ac9500a305.40954bKRI aKrishnan, Prabha aAffirmation and Denial aNew Delhi bSage Publications c1990 a128p aincludes index and biblioraphy2 aAppendix, Bibliography, Index aWomen-India